书目信息 |
| 题名: |
视觉的震撼
|
|
| 作者: | 吕澎 著 | |
| 分册: | ||
| 出版信息: | 上海 上海书画出版社 2020.1 |
|
| 页数: | 224页 | |
| 开本: | 24cm | |
| 丛书名: | ||
| 单 册: | ||
| 中图分类: | J209.5 | |
| 科图分类: | ||
| 主题词: | 绘画史--西方国家--现代 | |
| 电子资源: | ||
| ISBN: | 978-7-5479-1533-2 | |
| 000 | 01256nam0 2200301 45 | |
| 001 | 012001001411 | |
| 005 | 20130912105526.0 | |
| 010 | @a978-7-5479-1533-2@dCNY96.00 | |
| 099 | @aCAL 012020025634 | |
| 100 | @a20200428d2020 em y0chiy0110 ea | |
| 101 | 0 | @achi |
| 102 | @aCN@b310000 | |
| 105 | @aa z 000yy | |
| 106 | @ar | |
| 200 | 1 | @a视觉的震撼@Ashi jue de zhen han@e西方现代绘画简史@d= Visual shock@ea brief history of modern western painting@f吕澎著@zeng |
| 210 | @a上海@c上海书画出版社@d2020.1 | |
| 215 | @a224页@c彩图@d24cm | |
| 300 | @a并列题名:Visual shock | |
| 300 | @a其他题名:西方现代绘画简史 | |
| 330 | @a本书是一部简要介绍西方现代绘画历史的小书,兼具专业性与普及性。全书分为五章,详细梳理和评述西方现代绘画的发展脉络和成就。全书图文并茂,既历数各个历史阶段的艺术背景、重大事件、流派以及代表的艺术家,也高度重视艺术家的风格、语言和形式背后的历史语境,使读者能够较全面地认识西方现代绘画的发展阶段及其特色。 | |
| 333 | @a书法绘画爱好、学习、研究者 | |
| 510 | 1 | @aVisual shock@ea brief history of modern western painting@zeng |
| 517 | 1 | @a西方现代绘画简史 |
| 606 | 0 | @a绘画史@y西方国家@z现代 |
| 690 | @aJ209.5@v5 | |
| 701 | 0 | @a吕澎@Alv peng@4著 |
| 801 | @aCN@b江苏凤凰@c20211018 | |
| 905 | @b1343396-9@dJ209.5@e1345@f4 | |
| 视觉的震撼:西方现代绘画简史= Visual shock:a brief history of modern western painting/吕澎著.-上海:上海书画出版社,2020.1 |
| 224页:彩图;24cm |
| 并列题名:Visual shock.-其他题名:西方现代绘画简史.-使用对象:书法绘画爱好、学习、研究者 |
| ISBN 978-7-5479-1533-2:CNY96.00 |
| 本书是一部简要介绍西方现代绘画历史的小书,兼具专业性与普及性。全书分为五章,详细梳理和评述西方现代绘画的发展脉络和成就。全书图文并茂,既历数各个历史阶段的艺术背景、重大事件、流派以及代表的艺术家,也高度重视艺术家的风格、语言和形式背后的历史语境,使读者能够较全面地认识西方现代绘画的发展阶段及其特色。 |
| ● |
| 相关链接 |
|
|
|
|
正题名:视觉的震撼
索取号:J209.5/1345
 
预约/预借
| 序号 | 登录号 | 条形码 | 馆藏地/架位号 | 状态 | 备注 |
| 1 | 1343396 | 213433961 | 第一样本阅览室/ [索取号:J209.5/1345] | 在馆 | |
| 2 | 1343397 | 213433970 | 第一借阅区/ [索取号:J209.5/1345] | 在馆 | |
| 3 | 1343398 | 213433989 | 第一借阅区/ [索取号:J209.5/1345] | 在馆 | |
| 4 | 1343399 | 213433998 | 第一借阅区/ [索取号:J209.5/1345] | 在馆 |